000 00225nam a22000857a 4500
245 _aThozhilalikshema aanukoolyam cherukida rubber karshakarkkum
260 _bKarshakasree, 29(1):70.
_c2023
300 _bJanuary 2023
942 _cJS
999 _c74941
_d74941